Systém SAP R/3 - modul kvality a jej aplikácie v Chemolaku a.s.

Riadenie kvality v systéme SAP R/3. Hlavné funkcie modulu QM. Vnútorné funkcie modulu QM.

Enregistré dans:
Détails bibliographiques
Auteur principal: Serina, Pavol
Format: Chapitre de livre
Langue:slovaque
Sujets:
Tags: Ajouter un tag
Pas de tags, Soyez le premier à ajouter un tag!

MARC

LEADER 00000naa a2200000 4500
001 r034103
005 20230809074900.8
041 0 |a slo 
044 |a SK 
245 1 0 |a Systém SAP R/3 - modul kvality a jej aplikácie v Chemolaku a.s.  |c Pavol Serina 
520 |a Riadenie kvality v systéme SAP R/3. Hlavné funkcie modulu QM. Vnútorné funkcie modulu QM. 
610 2 0 |a riadenie kvality 
610 2 0 |a systém riadenia kvality 
610 2 0 |a SAP R/3 
610 2 0 |a moduly 
610 2 0 |a QM 
610 2 0 |a Chemolak, a.s. Smolenice 
100 1 |a Serina, Pavol